Làm chủ Windows Sever 2003

Sách gồm 7 chương giới thiệu tổng quan về Windows Server 2003, kiến thức cơ sở về phần mềm nối mạng, cài đặt, bảo mật mạng...

Spremljeno u:
Bibliografski detalji
Glavni autor: Phạm, Hoàng Dũng
Format: Knjiga
Jezik:Undetermined
Izdano: Hà Nội Thống kê 2005
Teme:
Oznake: Dodaj oznaku
Bez oznaka, Budi prvi tko označuje ovaj zapis!
Thư viện lưu trữ: Trung tâm Học liệu Trường Đại học Cần Thơ
LEADER 00819nam a2200205Ia 4500
001 CTU_112314
008 210402s9999 xx 000 0 und d
020 |c 139000 
082 |a 005.446 
082 |b D513/T.1 
100 |a Phạm, Hoàng Dũng 
245 0 |a Làm chủ Windows Sever 2003 
245 0 |c Phạm Hoàng Dũng, Hoàng Đức Hải 
260 |a Hà Nội 
260 |b Thống kê 
260 |c 2005 
520 |a Sách gồm 7 chương giới thiệu tổng quan về Windows Server 2003, kiến thức cơ sở về phần mềm nối mạng, cài đặt, bảo mật mạng... 
650 |a Operating systems ( computers ),Client/server computing,Microsoft windows server 
904 |i Minh 
980 |a Trung tâm Học liệu Trường Đại học Cần Thơ